Bairros mais Populosos do Rio de Janeiro - Statistics

Estatísticas Gerais
  • Esse quiz foi jogado 521 vezes
  • A pontuação média é 11 de 20
Estatísticas das Respostas
População Região Bairro % Correto
146 392 Zona Sul Copacabana
89%
136 831 Zona Oeste Barra da Tijuca
83%
220 552 Zona Oeste Bangu
81%
328 370 Zona Oeste Campo Grande
80%
163 805 Zona Norte Tijuca
78%
82 890 Zona Sul Botafogo
73%
157 326 Zona Oeste Jacarepaguá
70%
217 333 Zona Oeste Santa Cruz
66%
84 224 Zona Oeste Recreio dos Bandeirantes
63%
180 123 Zona Oeste Realengo
57%
78 678 Zona Norte Penha
50%
97 350 Zona Norte Pavuna
46%
129 770 Zona Norte Maré
43%
96 382 Zona Norte Irajá
40%
86 018 Zona Norte Vila Isabel
37%
110 049 Zona Oeste Guaratiba
36%
102 126 Zona Oeste Taquara
32%
94 626 Zona Oeste Paciência
30%
105 515 Zona Oeste Senador Camará
26%
77 007 Zona Oeste Cosmos
23%
Nenhum quiz correspondente encontrado
Distribuição das Pontuações
Porcentagem de Pessoas com Cada Pontuação
Percentil de Números Respondidos
Sua Pontuação Histórica
Você não jogou esse quiz